书目信息 |
| 题名: |
我国商务英语专业建设与发展
|
|
| 作者: | 邓海 主编 | |
| 分册: | ||
| 出版信息: | 北京 外语教学与研究出版社 2011.12 |
|
| 页数: | 453页 | |
| 开本: | 29cm | |
| 丛书名: | ||
| 单 册: | ||
| 中图分类: | H319-53 | |
| 科图分类: | ||
| 主题词: | 英语 | |
| 电子资源: | ||
| ISBN: | 7-5135-1595-6 | |
| 000 | 00690nam0 2200217 450 | |
| 001 | 2238621605 | |
| 005 | 20220616104552.62 | |
| 010 | @a7-5135-1595-6@dCNY59.90 | |
| 100 | @a20220616d2011 km y0chiy0120 ea | |
| 101 | 0 | @achi |
| 102 | @aCN@b110000 | |
| 102 | @aCN@b110000 | |
| 200 | 1 | @a我国商务英语专业建设与发展@AWo Guo Shang Wu Ying Yu Zhuan Ye Jian She Yu Fa Zhan@e问题与对策@f邓海主编@FDeng Hai Zhu Bian |
| 210 | @a北京@c外语教学与研究出版社@d2011.12 | |
| 215 | @a453页@d29cm | |
| 517 | 1 | @a问题与对策@AWen Ti Yu Dui Ce |
| 606 | 0 | @a英语 |
| 690 | @aH319-53@v4 | |
| 701 | 0 | @a邓海@ADeng Hai@4主编 |
| 801 | 0 | @aCN@b大连网信软件有限公司图书馆·11@c20220616 |
| 905 | @aZUCC@dH319-53@eW03 | |
| 我国商务英语专业建设与发展:问题与对策/邓海主编.-北京:外语教学与研究出版社,2011.12 |
| 453页;29cm |
| ISBN 7-5135-1595-6:CNY59.90 |
| ● |
| 相关链接 |
|
|
|
|
正题名:我国商务英语专业建设与发展
索取号:H319-53/W03
 
预约/预借
| 序号 | 登录号 | 条形码 | 馆藏地/架位号 | 状态 | 备注 |
| 1 | 0712163 | 207121639 | 密集书库—外国语学院/ [索取号:H319-53/W03] | 在馆 | |
| 2 | 0712165 | 207121657 | 密集书库—外国语学院/ [索取号:H319-53/W03] | 在馆 |